| 000 | 00441nam a22001697a 4500 | ||
|---|---|---|---|
| 005 | 20160628151008.0 | ||
| 008 | 160628b xxu||||| |||| 00| 0 eng d | ||
| 020 | _a81-259-1846-9 | ||
| 041 | _aeng | ||
| 082 | _b10620 | ||
| 100 |
_aSengupta, Sailesh _93099 |
||
| 245 | _aManagement of Public Relations and Communication | ||
| 260 |
_aNew Delhi _bVikas Publishing House, _c2005 |
||
| 300 | _a440 | ||
| 650 |
_aManagement _9241 |
||
| 942 | _cBK | ||
| 999 |
_c4504 _d4503 |
||